000 00864nam a2200241 4500
003 MX-MxINE
005 20260530115315.0
008 260504b1972 es a|||| |||| 00| 0 spa d
040 _aICI
_bspa
_cICI
_erda
050 _aML462.E61
_bA635
100 _aAndrews S., E. Wyllys.
_eautor
_933442
245 _aFlautas precolombina procedentes de Quelapa /
_bEl Salvador /
_cWyllys Andrews S., E.
264 _aEl Salvador,
_bMinisterio de Educaicón,
_c1972
300 _a10 páginas :
_bilustraciones
336 _2rdacontent
_atexto
337 _2rdamedia
_asin medio
338 _2rdacarrier
_avolumen
490 0 0 _aAntropología ;
_v1
650 1 4 _aInstrumentos musicales precolombinos
_zQuelepa, El Salvador
_933443
650 1 4 _aFlautas indígenas
_xArqueología
_zAmérica Central
_933444
700 _aAndrews S., E. Wyllys.
_eautor
_933442
942 _2lcc
_cBK
_n1
999 _c13538
_d13538